| 000 | 00340nam a22001217a 4500 | ||
|---|---|---|---|
| 999 |
_c12298 _d12298 |
||
| 020 | _a978-1780079592 | ||
| 082 | _a150.72 | ||
| 100 | _aJean McAvoy and Nicola Brace | ||
| 245 |
_aInvestigating Methods _cJean McAvoy and Nicola Brace |
||
| 260 |
_aUSA _bThe open University _c2014 |
||
| 300 |
_a420 pages. _b8.4 x 5.9 x 0.8 inches |
||
| 942 | _cBK | ||